|
|
|
|
| LEADER |
00000nam a22000007a 4500 |
| 005 |
20130122191442.0 |
| 007 |
cr|||| |||| |
| 008 |
130122e2011 bl |||||s|||| 00||0 por d |
| 020 |
|
|
|a 8580200776
|
| 035 |
|
|
|a 6762
|
| 040 |
|
|
|a vLex
|
| 090 |
|
|
|c 3591
|d 3591
|
| 100 |
1 |
0 |
|a Mateus, Olc̕io Sabino
|
| 245 |
1 |
0 |
|a Acesso ̉justiȧ
|b ficȯ̂ ou realidade?
|h [Recurso electrn̤ico]
|
| 256 |
|
|
|a Servicio en ln̕ea
|
| 260 |
|
|
|a Sô Paulo :
|b Editora NELPA,
|c 2011
|
| 300 |
|
|
|a 1 Recurso electrn̤ico
|
| 650 |
0 |
4 |
|a Organizacin̤ judicial
|z Brasil
|
| 740 |
|
|
|a vLex Libros (Servicio en ln̕ea)
|
| 856 |
|
|
|a Acceso restringido
|u http://www.vlex.com/source/6762
|
| 942 |
|
|
|c BOOK
|